| 000 | 00872nam0a22002531 4500 | ||
|---|---|---|---|
| 001 | rc\3733054 | ||
| 005 | 20260406201538.0 | ||
| 021 |
_aRU _bРг3989-73 |
||
| 021 |
_aRU _b72-91792 |
||
| 035 | _a(NLR Aleph) 007780313 | ||
| 090 |
_a7562196 _c7562196 |
||
| 100 | _a20130115d1972 |||y0rusy50 ca | ||
| 101 | 0 | _arus | |
| 102 | _aRU | ||
| 105 | _ay z ||||| | ||
| 200 | 1 |
_aСоветская Литва _eРазвитие экономики, науки и культуры за годы Сов. власти _e(Материал для лектора) _fО-во "Знание" ЛитССР |
|
| 210 |
_aВильнюс _cБ. и. _d1972 |
||
| 215 |
_a28 с. _d20 |
||
| 712 | 0 | 2 |
_a"Знание", о-во ЛитССР _cВильнюс _3RU\NLR\AUTH\889961275 _9418862 |
| 801 | 0 |
_aRU _bNLR _gpsbo |
|
| 801 | 1 |
_aRU _bELAR _2rusmarc |
|
| 852 |
_aNLR _j73-4/5038 |
||
| 942 | _cBOOK | ||
| 980 | _aNB | ||